|
|
|
|
| LEADER |
00900nam a22002532a 4500 |
| 001 |
000401725 |
| 003 |
CZ BrMZK |
| 005 |
20100623170318.0 |
| 007 |
ta |
| 008 |
980105s1930 xr f cze d |
| 015 |
|
|
|a cnb001004293
|
| 035 |
|
|
|a (OCoLC)82169669
|
| 040 |
|
|
|a BOA001
|b cze
|
| 100 |
1 |
|
|a Jirásek, Alois,
|d 1851-1930
|7 jk01051816
|4 aut
|
| 245 |
1 |
0 |
|a Z různých dob :
|b povídky a obrázky.
|n 1 /
|c Alois Jirásek
|
| 250 |
|
|
|a 9. vyd.
|
| 260 |
|
|
|a V Praze :
|b J. Otto,
|c 1930
|
| 300 |
|
|
|a 395, [3] s. ;
|c 8°
|
| 490 |
1 |
|
|a Sebrané spisy Aloisa Jiráska ;
|v 23
|
| 505 |
0 |
0 |
|t Z malých cest --
|t Host --
|t Gardista --
|t Krajanka --
|t V pekle --
|t O lovu --
|t Tčevská hranice
|
| 800 |
1 |
|
|a Jirásek, Alois,
|d 1851-1930.
|t Sebrané spisy (J. Otto)
|0 s
|
| 910 |
|
|
|a BOA001
|b 1-0117.259,23
|
| 990 |
|
|
|a BK
|
| 996 |
7 |
|
|b 2619803687
|c 1-0117.259,23
|l MZK
|r Sklad / do 1 hodiny
|n 1
|w 000401725
|u 000010
|a 1
|e BOA001
|j MZK50
|s A
|